| 000 | 00462cam a2200181ua 4500 | ||
|---|---|---|---|
| 020 | _c275.00 | ||
| 041 |
_aeng _h |
||
| 082 |
_a630.162 _bPAN/AG |
||
| 100 | _aPandey, P H . | ||
| 245 |
_aAgricultural engineering through objectives / _cP H Pandey. _hTextual Documents |
||
| 260 |
_aNew Delhi : _bKalyani Publishers , _c2007. |
||
| 300 | _a371 ; . | ||
| 365 | _a275.00 | ||
| 504 | _a | ||
| 942 | _cBK | ||
| 999 |
_c13237 _d13237 |
||